000 00213nam a22001097a 4500
999 _c251321
_d251321
020 _a9780070648197
100 _aRaymond Chang
245 _aChemistry
250 _a9th ed
260 _c2010
_aDelhi
942 _cBK